| 000 | 00471nam a22001937a 4500 | ||
|---|---|---|---|
| 003 | LK-CoDNM | ||
| 005 | 20250115121657.0 | ||
| 008 | 250115b |||||||| |||| 00| 0 eng d | ||
| 040 |
_aLK-CoDNM _dLK-CoDNM _eLK-CoDNM |
||
| 041 | _aeng | ||
| 080 |
_a9 _bBB17 |
||
| 100 | _aGregory King Willam | ||
| 245 | _aEvolution Emerging | ||
| 260 |
_aNew York _bThe Macmillan Company |
||
| 300 | _axxvi, 736p. : 24 cm | ||
| 490 | _vVol. 1 | ||
| 650 | _aScience | ||
| 942 | _cBK | ||
| 999 |
_c236283 _d236283 |
||